Gauge field theory and complex geometry /
Guardado en:
| Autor Principal: | |
|---|---|
| Formato: | Libro |
| Idioma: | English Russian |
| Publicado: |
Berlin ; New York :
Springer,
c1997.
|
| Edición: | 2nd ed. |
| Series: | Grundlehren der mathematischen Wissenschaften,
289 |
| Materias: | |
| Etiquetas: |
Agregar Etiqueta
Sin Etiquetas, Sea el primero en etiquetar este registro!
|
| LEADER | 01072pam a2200277 a 4500 | ||
|---|---|---|---|
| 001 | MAT.inmabb003361 | ||
| 008 | 960903s1997####gw#######b####001#0#eng## | ||
| 005 | 20130313133043.0 | ||
| 245 | 0 | 0 | |a Gauge field theory and complex geometry / |c Yuri I. Manin ; translated from the Russian by N. Koblitz and J.R. King ; with an appendix by Sergei Merkulov. |
| 250 | |a 2nd ed. | ||
| 260 | |a Berlin ; |a New York : |b Springer, |c c1997. | ||
| 300 | |a xii, 346 p. ; |c 24 cm. | ||
| 440 | 0 | |a Grundlehren der mathematischen Wissenschaften, |x 0072-7830 ; |v 289 | |
| 504 | |a Incluye referencias bibliográficas e índice. | ||
| 510 | 4 | |a MR, |c 99e:32001 | |
| 020 | |a 3540613781 (Berlin : acid-free paper) | ||
| 100 | 1 | |a Manin, IU. I. | |
| 240 | 1 | 0 | |a Kalibrovochnye polia i kompleksnaia geometriia. |l Inglés |
| 650 | 0 | |a Geometry, Differential. | |
| 650 | 0 | |a Geometric quantization. | |
| 650 | 0 | |a Quantum field theory. | |
| 084 | |a 32-02 (14M30 32C11 32L25 58A50 81-02) |2 msc2000 | ||
| 010 | |a 96035228 | ||
| 040 | |a DLC |c DLC |d DLC | ||
| 041 | 1 | |a eng |h rus | |
| 859 | |h 32 |i M278 |p A-7552 |b BIB. MATEMATICA | ||
